00000000nam 2200000za 4500
0019.856443
003CaOODSP
00520250805112039
007cr |||||||||||
008180510s2018    onc     ob   f000 0 eng d
020 |a9780660265582
040 |aCaOODSP|beng
043 |an-cn---
0861 |aBT22-210/2018E-PDF
1101 |aCanada. |bTreasury Board.
24510|aDirection for electronic data residency |h[electronic resource].
260 |aOttawa : |bTreasury Board of Canada, Secretariat, |c2018.
300 |a5 p.
500 |aIssued also in French under title: Orientation relative à la résidence des données électroniques.
500 |a"Published: 2018-06-25."
504 |aIncludes bibliographical references.
520 |a"The purpose of this IT Policy Implementation Notice (ITPIN) is to direct departments and agencies on the control, access and ownership of Government of Canada (GC) electronic data"--P. 1.
69207|2gccst|aInformation technology
69207|2gccst|aGovernment policy
77508|tOrientation relative à la résidence des données électroniques |w(CaOODSP)9.856444
85640|qPDF|s140 KB|uhttps://publications.gc.ca/collections/collection_2018/sct-tbs/BT22-210-2018-eng.pdf